[Event "RSA-chT U20"]
[Site "Boksburg"]
[Date "2018.01.04"]
[Round "2.5"]
[White "Valentyn, Jason"]
[Black "Samuel, Caleb"]
[Result "0-1"]
[WhiteElo "1228"]
[BlackElo "1687"]
[PlyCount "76"]
[EventDate "2018.01.04"]
[EventType "team-tourn"]
[EventRounds "7"]
[EventCountry "RSA"]
[SourceTitle "CBM 182 Extra"]
[Source "ChessBase"]
[SourceDate "2018.02.23"]
[SourceVersion "1"]
[SourceVersionDate "2018.02.23"]
[SourceQuality "1"]
[WhiteTeam "Nelson Mandela Bay U20"]
[BlackTeam "Western Province U20"]
[WhiteTeamCountry "RSA"]
[BlackTeamCountry "RSA"]

1. e4 c5 2. Nf3 Nc6 3. d4 cxd4 4. Nxd4 g6 5. Nc3 Bg7 6. Be3 Nf6 7. f3 0-0 8. Qd2 d5 9. 0-0-0 Nxd4 10. Bxd4 dxe4 11. fxe4 Qa5 12. Be2 Be6 13. a3 Rfd8 14. Qe3 Rd7 15. Bb5 Ng4 16. Qg1 Rxd4 17. Rxd4 Bh6+ 18. Kb1 Be3 19. Ra4 Qxa4 20. Qxe3 Qxb5 21. Qd2 Qc4 22. h3 Nf6 23. Re1 b5 24. b3 Qc5 25. Ka2 Rc8 26. Re3 a5 27. Kb2 a4 28. b4 Qe5 29. g4 Rc4 30. Qd3 Bd7 31. g5 Rd4 32. gxf6 Rxd3 33. Rxd3 Be8 34. fxe7 Qxe7 35. Nd5 Qe5+ 36. c3 Bc6 37. Kc2 Kg7 38. Rd4 f5 0-1